| 000 | 00340nam a2200121Ia 4500 | ||
|---|---|---|---|
| 008 | 210430s9999 xx 000 0 und d | ||
| 082 | _a620.192 B6171 D | ||
| 100 |
_aR.Byron Bird _954008 |
||
| 245 |
_aDynamics of Polymeric Liquids Vol 1 _cR.Byron Bird |
||
| 260 |
_aNew York _bJohn Wiley & Sons _c1987 |
||
| 300 | _a647p. | ||
| 942 |
_cBK _2ddc |
||
| 999 |
_c564432 _d564432 |
||